000 00629nam a2200229Ia 4500
003 OSt
005 20220927105540.0
006 a|||||r|||| 00| 0
007 ta
008 220926b |||||||| |||| 00| 0 eng d
024 _a171981
037 _cReference Collections
040 _aRTL
_cRTL
_beng
041 _2eng
_aeng
082 _a"V2,32p.N98, N8.2-4"
245 0 _aLok sabha debates
_b Second session.
260 _aNew
_bDelhi Lok sabha secretariat
_c1998
300 _a378p.
_ccm.
490 _aTwelfth series
942 _h"V2,32p.N98, N8.2-4"
_cCC
999 _c693002
_d693002